| 000 | 01377cam a22001934a 4500 | ||
|---|---|---|---|
| 005 | 20250605163316.0 | ||
| 008 | 250528s ||||||||||||||||||||||||d | ||
| 035 | _a16547 | ||
| 040 |
_aGR-AtMCL _bgre _dGR-AtMCL _eAACR2 |
||
| 245 | 1 | _aΗθικές Αμφισβητήσεις / Γενικοί Προβληματισμοί για τον Άνθρωπο, για τον Κόσμο, για τη Ζωή. | |
| 260 | _c1983 | ||
| 300 | _a192 | ||
| 505 | 0 | _aΕισαγωγική Θεώρηση, Παραδοσιακή και Σύγχρονη Ηθική, Ηθικοί Χαρακτήρες, Ανθρωπιστική Ηθική, Αυταρχικός Άνθρωπος, Ηθικές Δυνάμεις, Ανθρώπινες Σχέσεις, Αγάπη, Δυνατός Άνθρωπος, Ελεύθερος Άνθρωπος, Ολοκληρωμένος Άνθρωπος. | |
| 520 | _aΕισαγωγική Θεώρηση, Παραδοσιακή και Σύγχρονη Ηθική, Ηθικοί Χαρακτήρες, Ανθρωπιστική Ηθική, Αυταρχικός Άνθρωπος, Ηθικές Δυνάμεις, Ανθρώπινες Σχέσεις, Αγάπη, Δυνατός Άνθρωπος, Ελεύθερος Άνθρωπος, Ολοκληρωμένος Άνθρωπος. | ||
| 700 | 1 | _aΚλεφταράς Γιώργος | |
| 942 | _cBK | ||
| 999 |
_c2039 _d2039 |
||